Score 0/25 Timer 06:00
0 Plays Today
% Correct
WWF
64.7%
WCW
58.8%
Family Feud
55.9%
Spider-Man
54.4%
TNA
54.4%
Baywatch
52.9%
Duck Dodgers
52.9%
E! True Hollywood Story
50%
Ready To Rumble
48.5%
Walker Texas Ranger
47.1%
Dexter's Laboratory|Dial M for Monkey
44.1%
Gamesmaster
44.1%
Space Ghost Coast to Coast
41.2%
% Correct
Hollywood Squares
39.7%
Family Guy
35.3%
Arli$$
35.3%
Bolt
32.4%
Mad About You
30.9%
King of the Hill
26.5%
Louis Theroux's Wild Weekends
20.6%
Nikki
13.2%
Whatever Happened To Robot Jones?
13.2%
The Jeff Foxworthy Show
13.2%
The X's
7.4%
The Weird Al Show
7.4%
Remove Ads.
Support Sporcle.
Get the best of Sporcle when you Go Orange. This ad-free experience offers more features, more stats, and more fun while also helping to support Sporcle. Thank you for becoming a member.

You're not logged in!

Compare scores with friends on all Sporcle quizzes.
OR
Log In

Show Comments

Extras

Top Quizzes Today


Score Distribution

Your Account Isn't Verified!

In order to create a playlist on Sporcle, you need to verify the email address you used during registration. Go to your Sporcle Settings to finish the process.

Report this User

Report this user for behavior that violates our Community Guidelines.

Details: